Manual del párroco americano o, Instrucción teolójico, canónico, legal
Saved in:
| Hovedforfatter: | |
|---|---|
| Format: | Bog |
| Sprog: | spansk |
| Udgivet: |
Valparaíso
Imprenta i Librería del Mercurio, de Santos Tornero
1862
|
| Udgivelse: | 2a. ed |
| Fag: | |
| Tags: |
Tilføj Tag
Ingen Tags, Vær først til at tagge denne postø!
|
MARC
| LEADER | 00000nam a2200000 a 4500 | ||
|---|---|---|---|
| 001 | UCJ3409 | ||
| 003 | CL-VaPUC | ||
| 008 | 070124e18620000CL |||||||||||||||||spa|d | ||
| 082 | 0 | 4 | |a 250 |b DON |2 21 |
| 100 | 0 | |a Donoso, Justo |e author |9 505210 | |
| 245 | 1 | 0 | |a Manual del párroco americano o, Instrucción teolójico, canónico, legal |
| 250 | |a 2a. ed | ||
| 300 | |a 484 p | ||
| 942 | |c BK | ||
| 945 | |d 20070124 00:00:00 |a rinostro | ||
| 260 | |a Valparaíso |b Imprenta i Librería del Mercurio, de Santos Tornero |c 1862 | ||
| 650 | 0 | |a Teología pastoral |9 257832 | |
| 650 | 0 | |a Sacerdotes |9 315705 | |
| 650 | 7 | |a DERECHO CANONICO |2 CL-VaPUC |9 505211 | |
| 650 | 0 | |a Sacramentos |9 257270 | |
| 650 | 0 | |a Vida espiritual |9 307811 | |
| 583 | |a last modification |c 20070124 00:00:00 |k Rodrigo Vera | ||
| 999 | |c 319531 |d 319529 | ||
| 952 | |0 0 |1 0 |4 0 |6 250_000000000000000_DON_1862 |7 0 |8 X |9 397871 |a FDOBUD |b FDOBUD |d 2019-11-22 |i 1003380 |o 250 DON 1862 |p 1003380 |r 2019-11-22 |w 2019-11-22 |y BK_X |k BUD | ||